Loading...

Signal analysis and prediction /

Bibliographic Details
Other Authors: Procházka, A., ed
Format: Printed Book
Language:English
Published: Boston : Birkhauser, c1998.
Series:Applied and numaerical harmonic analysis
Subjects:
LEADER 00707cam a2200181 a 4500
005 20200810152828.0
008 980121s1998 maua b 000 0 eng
082 0 0 |a 621.382/23  |b PRO 
245 0 0 |a Signal analysis and prediction /  |c [edited by] A. Procházka ... [et al.]. 
300 |a xxv, 502 p. :  |b ill. ;  |c 26 cm. 
490 |a Applied and numaerical harmonic analysis 
653 |a Signal processing--Statistical methods.  |a Prediction theory 
700 1 |a Procházka, A., ed.  |9 8075 
942 |c BK  |6 _ 
260 |a Boston :  |b Birkhauser,  |c c1998. 
020 |a 0817640428 
999 |c 212804  |d 212804 
952 |0 0  |1 0  |2 ddc  |4 0  |6 62138223_PRO  |7 0  |9 271296  |a PHY  |b PHY  |d 2010-02-23  |o 621.382/23 PRO  |p PHY012816  |r 2010-02-23  |w 2010-02-23  |y BK